| 000 | 00387nam a2200145Ia 4500 | ||
|---|---|---|---|
| 008 | 150201s2002 xx 000 0 und d | ||
| 082 |
_a617.6 _bP2002S |
||
| 100 | _aSTEPHEN COHEN | ||
| 245 | _aPATHWAYS OF THE PULP | ||
| 250 | _a8TH | ||
| 260 |
_bHARCOURT INDIA PRIVATE LIMITED _aNEW DELHI _c2002 |
||
| 300 | _a1-1031 | ||
| 650 | _aCONSERVATIVE DENTISTRY & ENDODONTICS | ||
| 942 |
_2ddc _cBK |
||
| 999 |
_c2852 _d2852 |
||